| 000 | 00324nam a22001337a 4500 | ||
|---|---|---|---|
| 003 | SGT | ||
| 082 |
_a615.53 _bV16N |
||
| 100 | _aNAMBURI, U.R. SEKHAR | ||
| 245 | _aTEXTBOOK OF VYAVAHARAYURVEDA AND VIDHIVAIDYAKA | ||
| 260 |
_aNEW DELHI _bCHAUKHAMBHA PUB _c2016 |
||
| 300 | _a362 | ||
| 650 | _aAYURVEDA | ||
| 942 |
_2ddc _cBK _0256 |
||
| 999 |
_c11362 _d11362 |
||